000 00490nam a2200145 4500
999 _c16113
_d16113
008 210421b ||||| |||| 00| 0 eng d
022 _a1559-663X
082 _aDPer 420.705 En36 c2006-2008
100 _aShin, Joan Kang.
_943179
245 _aChanneling children's energy through vocabulary activities/
_cJoan Kang Shin.
260 _aWashington, D.C. :
_bEnglish Teaching Forum,
_cc2006-2008
300 _av44 n2, pages 8-13:
_c27 cm.
650 _aVocabulary.
_943180
942 _2ddc
_cPER